[Event "AUTO-OPEN-4645"]
[Site "http://www.queenalice.com/game.php?id=1871154"]
[Date "2026.3.28"]
[Round "1"]
[White "caradepau"]
[Black "bdpq"]
[Result "1-0"]
[WhiteElo "1631"]
[BlackElo "1645"]

1. e4 d5 2. e5 e6 3. a3 Nc6 4. d4 Bd7 5. Nf3 h6 6. Nc3 Na5 7. b4 Nc4 8. Bxc4
dxc4 9. Qe2 Bc6 10. Qxc4 Qd7 11. Qe2 a5 12. b5 Bd5 13. O-O Be7 14. a4 Bb4 15.
Nxd5 exd5 16. c4 Ne7 17. cxd5 Qxd5 18. Bd2 Bxd2 19. Qxd2 O-O 20. Rfc1 c6 21.
bxc6 bxc6 22. Rcb1 f6 23. exf6 Rxf6 24. Qe3 Nf5 25. Qd3 Rg6 26. Re1 Nd6 27. Qxg6
Rd8 28. Re6 Nf5 29. Re8+ Rxe8 30. Qxe8+ Kh7 31. Rb1 Nd6 32. Qf8 Ne4 33. Rb7 Qg8
34. Qxg8+ Kxg8 35. Ra7 c5 36. dxc5 Nxc5 37. Rxa5 Nd3 38. Rd5 Nf4 39. Rb5 Kh7 40.
a5 Ne6 41. Rb6 Nc7 42. g4 Nd5 43. Rd6 Nc3 44. a6 Kg8 45. a7 Kf7 46. a8=Q 1-0

[Event "AUTO-OPEN-4645"]
[Site "http://www.queenalice.com/game.php?id=1871155"]
[Date "2026.3.28"]
[Round "1"]
[White "bdpq"]
[Black "caradepau"]
[Result "1-0"]
[WhiteElo "1632"]
[BlackElo "1644"]

1. e4 e5 2. d3 h6 3. Nf3 Nc6 4. Be3 Bb4+ 5. Bd2 Bxd2+ 6. Qxd2 d6 7. Be2 Nf6 8.
O-O O-O 9. Nc3 a6 10. Nd5 Be6 11. Nh4 Nxe4 12. dxe4 Qxh4 13. Nxc7 Rac8 14. Nxe6
fxe6 15. Qxd6 Rfd8 16. Qxe6+ Kh8 17. Qf7 Rd2 18. Bf3 Rxc2 19. Qxb7 Qd8 20. Qxa6
Rxb2 21. Bg4 Rc7 22. f4 Qd4+ 23. Kh1 Qxe4 24. Bf3 Qxf4 25. Rae1 Nd4 26. Qa8+ Kh7
27. Be4+ Qxe4 28. Qxe4+ g6 29. Qxe5 Rc4 30. Rf7+ Kg8 31. Qg7# 1-0

[Event "AUTO-ADV-4927"]
[Site "http://www.queenalice.com/game.php?id=1871252"]
[Date "2026.3.30"]
[Round "1"]
[White "Daniel1962"]
[Black "bdpq"]
[Result "1-0"]
[WhiteElo "1731"]
[BlackElo "1645"]

1. e4 d5 2. exd5 Qxd5 3. Nc3 Qd8 4. Bc4 e6 5. d3 Bb4 6. Bd2 Nf6 7. Nf3 O-O 8.
Ne5 Bd6 9. Bf4 Ng4 10. Nxg4 Bxf4 11. g3 Bg5 12. f4 Bf6 13. Nxf6+ Qxf6 14. d4 b6
15. Ne4 Qg6 16. Bd3 Ba6 17. c4 Bxc4 18. Nf2 Qf6 19. Bxc4 Nc6 20. Ne4 Qg6 21. Qf3
Nxd4 22. Qd3 Rfd8 23. Qb1 a6 24. Bd3 Nf3+ 25. Kf2 Qg4 26. Be2 f5 27. Ng5 Nd2 28.
Bxg4 Nxb1 29. Raxb1 fxg4 30. Nxe6 Rd7 31. Rbc1 c5 32. h4 Rd2+ 33. Ke3 Rxb2 34.
Nc7 Ra7 35. Ne6 Re7 36. f5 Rg2 37. Rcg1 Rxa2 38. h5 Rf7 39. Rf1 Ra3+ 40. Kf4
Rf3+ 41. Kxg4 Rd3 42. Kf4 Rd6 43. g4 c4 44. Ng5 Rfd7 45. Ne6 b5 46. g5 Rf7 47.
g6 hxg6 48. hxg6 Rf6 49. Rh5 Rdxe6 50. Rfh1 Kf8 51. Rh8+ Ke7 52. Rd1 Rd6 53.
Re1+ Kd7 54. Rg8 c3 55. Rxg7+ Kc6 56. Rg8 b4 57. g7 Kb5 58. Rb8+ Kc5 59. g8=Q
Rd4+ 60. Re4 Rxe4+ 61. Kxe4 Kc6 62. Rxb4 Kc5 63. Qc4+ 1-0

[Event "AUTO-INT-3969"]
[Site "http://www.queenalice.com/game.php?id=1873573"]
[Date "2026.5.19"]
[Round "1"]
[White "bdpq"]
[Black "game"]
[Result "1-0"]
[WhiteElo "1628"]
[BlackElo "1652"]

1. e4 d6 2. d4 e5 3. dxe5 Nc6 4. exd6 Bxd6 5. Bb5 Bd7 6. Nf3 Nf6 7. Bg5 Be7 8.
Ne5 Nxe5 9. Bxd7+ Nexd7 10. Nc3 O-O 11. O-O c5 12. Bf4 Qb6 13. Na4 Qb5 14. b3
Rad8 15. Qf3 c4 16. Nc3 Qb4 17. Bd2 Ne5 18. Qe2 Qc5 19. Na4 Qb5 20. Nc3 Qd7 21.
Bf4 Neg4 22. e5 Nd5 23. Nxd5 f5 24. Qxc4 g5 25. Bd2 Nxe5 26. Qd4 Nc6 27. Qc4 Rc8
28. Nb6+ Rf7 29. Nxd7 Rd8 30. Qe6 Nd4 31. Qd5 Nc6 32. Rfd1 Nb8 33. Qb5 Nxd7 34.
Qxb7 Nc5 35. Qxa7 Ne4 36. Be3 f4 37. Rxd8+ Bxd8 38. Qd4 fxe3 39. f3 Bf6 40. Qxe4
Bxa1 41. Qxe3 h6 42. c4 Kg7 43. g3 Kg6 44. b4 Rd7 45. Qe6+ 1-0

[Event "AUTO-INT-3969"]
[Site "http://www.queenalice.com/game.php?id=1873574"]
[Date "2026.5.19"]
[Round "1"]
[White "game"]
[Black "bdpq"]
[Result "0-1"]
[WhiteElo "1599"]
[BlackElo "1630"]

1. e4 d5 2. d3 dxe4 3. d4 e5 4. Nc3 exd4 5. Nxe4 Qe7 6. Qxd4 Bf5 7. f3 Nc6 8.
Qc4 O-O-O 9. Bg5 f6 10. Bf4 Qb4+ 11. Qc3 Qb6 12. Bd3 Bb4 0-1